Rayo De Luz - Abraham Mateo, Soge Culebra - Estadísticas

Estadísticas generales
  • Esta prueba ha sido intentada 26 veces
  • La puntuación promedio es 144 de 310
Estadísticas de respuestas
Letra % Correcto
a
100%
ah
80%
de
80%
De
80%
es
80%
hace
80%
hacer
80%
lo
80%
lo'
80%
Y
80%
y
80%
ya
80%
al
60%
aquí
60%
como
60%
eh
60%
el
60%
En
60%
en
60%
esa
60%
la
60%
luz
60%
más
60%
me
60%
Me
60%
Mis
60%
No
60%
no
60%
pa'
60%
Por
60%
por
60%
que
60%
Que
60%
Qué
60%
rayo
60%
se
60%
si
60%
te
60%
Tienes
60%
to'
60%
To'
60%
todo
60%
60%
tu
60%
un
60%
una
60%
Abraham
40%
bien
40%
brillar
40%
busca
40%
creo
40%
Culebra
40%
día'
40%
dónde
40%
Dónde
40%
habilidad
40%
haces
40%
irme
40%
Lógico
40%
los
40%
mar
40%
Mateo
40%
nunca
40%
Nunca
40%
oh
40%
Oh
40%
para
40%
pare
40%
querer
40%
quiero
40%
Quiero
40%
realidad
40%
salir
40%
siempre
40%
sin
40%
Soge
40%
solo
40%
tiempo
40%
universo
40%
venir
40%
ver
40%
yeah
40%
agujero
20%
aprende
20%
blanca
20%
Buscando
20%
colorear
20%
contarme
20%
contento
20%
crece
20%
delirar
20%
dentro
20%
desconozco
20%
dime
20%
empiezo
20%
estaba
20%
estar
20%
este
20%
flash
20%
fuera
20%
gritando
20%
infierno
20%
intento
20%
irreal
20%
manos
20%
Marchito
20%
Mora
20%
negro
20%
niño
20%
pertenecen
20%
quedarme
20%
quieres
20%
Quisiera
20%
recoveco
20%
salvarme
20%
siento
20%
tarde
20%
tenga
20%
veo
20%
Volar
20%
volver
20%
aceptar
0%
acercar
0%
arde
0%
bajar
0%
callando
0%
cientos
0%
cuerpo
0%
debo
0%
eco
0%
elevarme
0%
foto'
0%
Garabatto
0%
interno
0%
is
0%
júntate
0%
mando'
0%
Peco
0%
pregúntame
0%
Recolecto
0%
respuesta
0%
rostro
0%
salirme
0%
soborno
0%
This
0%
van
0%
No se encontraron pruebas coincidentes
Distribución de puntuación
Porcentaje de gente con cada puntuación
Porcentaje por número respondido
Historial de tus puntuaciones
No has intentado esta prueba.